000 00624nam a2200205Ii 4500
003 JO-AjNU
008 230606s9999||||xx |||||||||||||| ||und||
020 _a0-13-315853-5
040 _aJO-AjNU
_beng
_erda
_cJO-AjNU
041 _aeng
050 1 4 _aHG4011.V34 1983
100 3 _aVan Horne,James C,
_eauthor
_93062
245 0 0 _aFinancial Management and Policy
264 3 1 _aLondon: Prentice-Hall International,1983
300 _a749p
_bIncludes indexes(p737-749)
336 _atext
_btxt
_2rdacontent
337 _aunmediated
_bn
_2rdamedia
338 _avolume
_bnc
_2rdacarrier
650 4 _aFinancial Management
_93063
999 _aE1606
_c1606
_d1606